| Tag |
First Indicator |
Second Indicator |
Subfields |
| LEADER |
00000cam a2200000 a 4500 |
| 001 |
in00001110113 |
| 005 |
20150930060756.0 |
| 008 |
930224s1992 nyua 001 0 eng |
| 010 |
|
|
|a 93119351
|
| 020 |
|
|
|a 1558282289 :
|c $24.95
|
| 035 |
|
|
|a (OCoLC)27974158
|
| 035 |
|
|
|9 AFU6205AM
|
| 040 |
|
|
|a DLC
|c DLC
|d TXA
|d UtOrBLW
|
| 049 |
|
|
|a TXAM
|
| 050 |
0 |
0 |
|a QA76.5
|b .M393 1992
|
| 082 |
0 |
0 |
|a 005.4/3
|2 20
|
| 100 |
1 |
|
|a Meade, James G.
|
| 245 |
1 |
0 |
|a PC housekeeping :
|b maximizing your PC /
|c by James G. Meade.
|
| 264 |
|
1 |
|a New York, N.Y. :
|b MIS Press,
|c [1992]
|
| 264 |
|
4 |
|c ©1992
|
| 300 |
|
|
|a xxiii, 300 pages :
|b illustrations ;
|c 24 cm. +
|e 1 5 1/4 in. computer disk in back pocket.
|
| 336 |
|
|
|a text
|b txt
|2 rdacontent
|
| 337 |
|
|
|a unmediated
|b n
|2 rdamedia
|
| 338 |
|
|
|a volume
|b nc
|2 rdacarrier
|
| 500 |
|
|
|a Includes index.
|
| 650 |
|
0 |
|a Microcomputers.
|
| 999 |
|
|
|a MARS
|
| 999 |
f |
f |
|s f5c36817-68e3-322c-b86b-152da9d3de5c
|i cf588429-1bbf-362f-a719-c0de6f71ae34
|t 0
|
| 952 |
f |
f |
|p ric
|a Texas A&M University
|b Rellis Campus
|c Joint Library Facility
|d Remote Storage
|t 0
|e QA76.5 .M393 1992
|h Library of Congress classification
|i unmediated -- volume
|m A14818009196
|
| 998 |
f |
f |
|a QA76.5 .M393 1992
|t 0
|l Remote Storage
|